Procesado de hortalizas /

Contenido: Introducción; Producción, recolección y almacenamiento de hortalizas; Métodos de preparación; Tratamiento térmico; Congelación; Refrigeración; Otros métodos de conservación; Envasado; Calidad; Instalación, equipo y limpieza.

Guardado en:
Detalles Bibliográficos
Autor principal: Arthey, David (autor)
Otros autores: Dennis, Colin (autor) (autor)
Formato: Libro
Idioma:Español
Publicado: Zaragoza, España : Acribia, 1992, c1992
Temas:
Etiquetas: Agrega una etiqueta
Sin etiquetas, Sé el primero en etiquetar este registro!

MARC

LEADER 00000nam^a2200000^a^4500
001 000183566
005 20250521000000.0
009 20260310102044.821
020 |a 84-200-0732-3 
037 |a Acervo ITESO - Biblioteca 
041 |a ESP 
082 |a 664. 805  |b ART 
100 |a Arthey, David  |e (autor) 
245 1 0 |a Procesado de hortalizas /  |c D. Arthey, C. Dennis ; tr. por Pedro Ducar Maluenda. 
264 4 |a Zaragoza, España :  |b Acribia,  |c 1992, c1992 
300 |a XIV, 317 p. 
336 |a texto  |b txt  |2 rdacontenido 
337 |a sin mediación  |b n  |2 rdamedio 
338 |a volumen  |b nc  |2 rdasoporte 
500 |a Traducción de: Vegetable Processing 
520 |a Contenido: Introducción; Producción, recolección y almacenamiento de hortalizas; Métodos de preparación; Tratamiento térmico; Congelación; Refrigeración; Otros métodos de conservación; Envasado; Calidad; Instalación, equipo y limpieza. 
649 |a XX 
650 |a Verduras y Legumbres -  |x Conservación 
650 |a Alimentos y Bebidas -  |x Congelación 
650 |a Alimentos y Bebidas -  |x Almacenamiento 
650 |a Alimentos y Bebidas -  |x Conservación 
650 |a Envasado y Preservación 
650 |a Tecnología de Alimentos 
700 |a Dennis, Colin  |e (autor) 
910 |a Fondo General 
920 |a Impresos - Libros 
930 |a Colección General 
905 |a 101 
901 |a 0500124049  |b IT1  |c ACC  |u 20250521 
902 |a https://opac.biblio.iteso.mx/vufind/Record/000183566